00714nam a2200145 4500008004100000020001800041082001500059245027000074260005400344300004400398650003100442650002900473650003400502710003200536240212b |||||||| |||| 00| 0 eng d a9789551770150 a305.4bWOM aWomen claiming rights : using normative frameworks of UNSCR 1325 & CEDAW : study on women affected by conflict in post war Sri Lanka : bselected cases of marginalisation and poverty; female headed households; female ex-combatants; land rights and domestic violence aColombo: bThe Women and Media Collective, c2014 av, 59 p. : maps (chiefly color) ; 30 cm a Women's rights--Sri Lanka aWomen and war--Sri Lanka aSri Lanka--History--Civil War a Women and Media Collective